Por una ética política de la responsabilidad /
Guardado en:
| Autor principal: | |
|---|---|
| Formato: | Texto |
| Materias: | |
| Etiquetas: |
Agregar Etiqueta
Sin Etiquetas, Sea el primero en etiquetar este registro!
|
MARC
| LEADER | 00000 a a2200000 04500 | ||
|---|---|---|---|
| 001 | 11482 | ||
| 003 | |||
| 040 | |||
| 100 | |a Arias Calderón, Ricardo | ||
| 245 | |a Por una ética política de la responsabilidad / |c Ricardo Arias Calderón | ||
| 650 | |a ETICA | ||
| 650 | |a POLITICA | ||
| 650 | |a VALORES SOCIALES | ||
| 650 | |a CONTROL SOCIAL | ||
| 650 | |a CULTURA | ||
| 650 | |a SISTEMAS POLITICOS | ||
| 650 | |a GOBIERNO | ||
| 650 | |a PARTIDOS POLITICOS | ||
| 650 | |a ESTADO | ||
| 650 | |a DEMOCRACIA | ||
| 650 | |a DEMOCRATIZACION | ||
| 650 | |a SOCIEDAD | ||
| 773 | |g número 3 -4; páginas 229-243 | ||
| 999 | |c 29493 |d 29493 | ||
